| 000 | 00332nam a22001217a 4500 | ||
|---|---|---|---|
| 008 | 230612b xxu||||| |||| 00| 0 eng d | ||
| 082 |
_a352.12 _bFIN |
||
| 100 | _cGOK | ||
| 245 |
_aTHE MEDIUM TERM BUDGET STRATEGY PAPER _b2005/06-2007/08 |
||
| 260 |
_aNairobi, Kenya _bMinistry of Finance _cMay 2005 |
||
| 300 | _a75p | ||
| 942 |
_2ddc _cBK |
||
| 999 |
_c1037 _d1037 |
||